Normal view
MARC view
- Rykwert J
Entry Personal Name
001 - CONTROL NUMBER
- control field: 27064
003 - CONTROL NUMBER IDENTIFIER
- control field: OSt
005 - DATE AND TIME OF LATEST TRANSACTION
- control field: 20220803173020.0
008 - FIXED-LENGTH DATA ELEMENTS
- fixed length control field: 220803|| aca||aabn | a|a d
040 ## - CATALOGING SOURCE
- Original cataloging agency: OSt
- Transcribing agency: OSt
100 ## - HEADING--PERSONAL NAME
- Personal name: Rykwert J
670 ## - SOURCE DATA FOUND
- Source citation: Work cat.: (OSt)17209: Rykwert J., PA Bimonthly Of Pro Architect., 2001